000 00393nam a2200157Ia 4500
008 160316s2005 xxu||||| |||| 00| 0 eng d
082 _a340.030000
_bSIN
100 _aSingh Avtar
245 _aCollege law dictionary
250 _aRep
260 _aNagpur
_bWadhwa & Co.
_c2005
300 _a717p
_b
_c
365 _b Rs.250
650 _a1. Law Dictionary - Legal Dictionary
700 _a
_a
999 _c22499
_d22499